Alternativa tecnológica para la producción artesanal de ladrillos de arcilla mediante reacciones de hidratación de mezclas de suelo - cemento.
Presenta el estudio de las propiedades físico mecánicas de ladrillos basados en mezclas de suelo cemento y ladrillos de barro común producidos por industrias artesanales de Nicaragua.
| Main Author: | |
|---|---|
| Other Authors: | |
| Format: | Tesis Section = Libro |
| Language: | Undetermined Spanish |
| Published: |
Managua
UNI
2013
|
| Subjects: |
| LEADER | 01032nam a2200241Ia 4500 | ||
|---|---|---|---|
| 008 | 240830s9999 xx 000 0 und d | ||
| 040 | |a BIBLIOTECA-RUSB/ Mon 620.112 L864 | ||
| 041 | |a spa | ||
| 082 | |a Mon 620.112 L864 | ||
| 100 | 1 | |a López Muñoz, José Roberto | |
| 245 | 1 | 0 | |a Alternativa tecnológica para la producción artesanal de ladrillos de arcilla mediante reacciones de hidratación de mezclas de suelo - cemento. |
| 260 | |a Managua |b UNI |c 2013 | ||
| 300 | |a 90 p. :il. | ||
| 500 | |a Contiene: anexos. | ||
| 502 | |a Tesis (Ingeniero Químico) - UNI, 2013. | ||
| 520 | 3 | |a Presenta el estudio de las propiedades físico mecánicas de ladrillos basados en mezclas de suelo cemento y ladrillos de barro común producidos por industrias artesanales de Nicaragua. | |
| 650 | 7 | |a RESISTENCIA DE MATERIALES | |
| 650 | 7 | |b PROPIEDADES FÍSICO - MECANICAS - ARCILLA | |
| 650 | 7 | |c MATERIALES DE CONSTRUCCIÓN-LADRILLOS | |
| 700 | 1 | |a Tutor: |b Guevara Arróliga, Rolando | |
| 942 | |c BK |2 ddc | ||
| 991 | |a TESIS | ||
| 999 | |c 20029 | ||